Viet Nam van pham /
Đã lưu trong:
| Príomhúdar: | |
|---|---|
| Formáid: | Leabhar |
| Teanga: | Vietnamese |
| Foilsithe: |
Thanh niên,
2007.
|
| Ábhair: | |
| Clibeanna: |
Cuir Clib Leis
Gan Chlibeanna, Bí ar an gcéad duine leis an taifead seo a chlibeáil!
|
| Thư viện lưu trữ: | Mạng thư viện Đại học Đà Nẵng |
|---|
| LEADER | 00829cam a22003011a 4500 | ||
|---|---|---|---|
| 001 | 000033201 | ||
| 003 | 9345 | ||
| 005 | 20220610091638.0 | ||
| 008 | 151016s2007 vm 000 vie | ||
| 041 | |a vie | ||
| 082 | |a 495.92415 |b TR-K | ||
| 100 | |a Trần Trọng Kim | ||
| 245 | 0 | |a Viet Nam van pham / |c Trần Trọng Kim. | |
| 260 | |a Thanh niên, |c 2007. | ||
| 300 | |a 274tr. : mh ; 20cm. | ||
| 650 | |a Trần Trọng Kim, văn phạm, thành ngữ, từ, ngữ, 2007 | ||
| 852 | |b Chuyên đề |c Ngôn ngữ tiếng Việt 1 | ||
| OWN | |a LNN | ||
| 999 | |a From the UDN01 | ||
| TYP | |a Monograph | ||
| TYP | |a Printed language | ||
| 980 | |a Mạng thư viện Đại học Đà Nẵng | ||